000 01500nam a2200349 i 4500
001 000017761
003 DO-SdBNP
005 20250902103854.0
007 ta
008 100331s2001 dr a 000 0 spa d
020 _a9993484903
040 _aDO-SdBNP
_bspa
_cBNPHU
_erda
041 _hspa
082 4 _a923.57293
_bL965C
_222
100 1 _aCassá, Roberto,
_d1948-
_eautor
_4aut.
_910888
245 1 0 _aGregorio Luperón :
_bel guerrero de la libertad /
_cRoberto Cassá ; ilustraciones, Ramiro Manzano.
264 4 _aSanto Domingo :
_bTobogan,
_c©2001.
300 _a67 páginas :
_bilustraciones ;
_c21 cm.
336 _atexto
_btxt
_2rdacontent
337 _asin mediación
_bn
_2rdamedia
338 _avolumen
_bnc
_2rdacarrier
490 1 _aColección Biografías Dominicanas Tobogán
500 _aLa biblioteca posee 3 reimpresiones del 2005.
504 _aBibliografía : páginas 67
505 0 _tPortaestandarte de la soberanía --
_tBreve anonimato del joven precoz --
_tDe proscrito a rebelde --
_tGeneral mambí --
_tAzul intransigente --
_tEn búsqueda de la hegemonía --
_tPresidente provisional --
_tDilemas ideológicos y gubernamentales --
_tLa infructuosa búsqueda del equilibrio --
_tEl guerrero vencido.
590 _aInventariado, 2018/ YL
600 1 0 _aLuperón, Gregorio,
_d1839-1897
_9888
651 4 _aRepública Dominicana
_xBiografías
_91325
700 1 _aManzano, Ramiro,
_eilustrador
_4il.
_9768
910 _aValidado. Control de calidad. MFF
942 _2ddc
_cLBS1
999 _c17286
_d17286